Loading...
| Fine Arts - Classical Music | 1 | 0.00 | 0% | 0% | 0% |
| Fine Arts - Other | 2 | 5.00 | 50% | 0% | 0% |
| Fine Arts - Painting and Sculpture | 2 | 5.00 | 50% | 0% | 0% |
| History - European | 4 | 7.50 | 75% | 0% | 0% |
| History - Other | 4 | 5.00 | 50% | 0% | 0% |
| History - World | 1 | 10.00 | 100% | 0% | 0% |
| Literature - European | 5 | 6.00 | 40% | 0% | 20% |
| Literature - World | 3 | 6.67 | 33% | 33% | 0% |
| Mythology | 1 | 10.00 | 100% | 0% | 0% |
| Philosophy | 3 | 10.00 | 100% | 0% | 0% |
| Religion | 4 | 5.00 | 50% | 0% | 0% |
| Science - Biology | 1 | 0.00 | 0% | 0% | 0% |
| Science - Chemistry | 1 | 10.00 | 100% | 0% | 0% |
| Science - Other | 3 | 10.00 | 100% | 0% | 0% |
| Science - Physics | 1 | 0.00 | 0% | 0% | 0% |
| Social Science | 3 | 6.67 | 67% | 0% | 0% |